<?xml version="1.0" encoding="UTF-8"?>
<record
    xmlns:xsi="http://www.w3.org/2001/XMLSchema-instance"
    xsi:schemaLocation="http://www.loc.gov/MARC21/slim http://www.loc.gov/standards/marcxml/schema/MARC21slim.xsd"
    xmlns="http://www.loc.gov/MARC21/slim">

  <leader>00672nab a2200181uuc4500</leader>
  <controlfield tag="001">1354134</controlfield>
  <controlfield tag="005">20240202113911.0</controlfield>
  <controlfield tag="008">131210e19990701                    spa  </controlfield>
  <datafield tag="035" ind1=" " ind2=" ">
    <subfield code="a">1354134</subfield>
  </datafield>
  <datafield tag="040" ind1=" " ind2=" ">
    <subfield code="c">comduadb</subfield>
  </datafield>
  <datafield tag="041" ind1=" " ind2=" ">
    <subfield code="a">spa</subfield>
  </datafield>
  <datafield tag="100" ind1="1" ind2="0">
    <subfield code="a">Gonz&#xE1;les Hern&#xE1;ndez, L&#xE1;zaro Ariel</subfield>
    <subfield code="4">aut</subfield>
    <subfield code="e">aut</subfield>
    <subfield code="9">711396</subfield>
  </datafield>
  <datafield tag="245" ind1="1" ind2="0">
    <subfield code="a">Aplicaci&#xF3;n de t&#xE9;cnicas de regulaci&#xF3;n fuzzy al control de nivel de un generador de vapor</subfield>
  </datafield>
  <datafield tag="650" ind1=" " ind2=" ">
    <subfield code="a">Control difuso</subfield>
    <subfield code="9">67854</subfield>
  </datafield>
  <datafield tag="700" ind1="1" ind2="0">
    <subfield code="a">C&#xE9;sar S&#xE1;nchez, Eugenio</subfield>
    <subfield code="4">aut</subfield>
    <subfield code="e">aut</subfield>
    <subfield code="9">690740</subfield>
  </datafield>
  <datafield tag="773" ind1="0" ind2=" ">
    <subfield code="t">Ingenier&#xED;a Electr&#xF3;nica, Autom&#xE1;tica y Comunicaciones (La Habana)</subfield>
    <subfield code="g">Vol. 20, No. 03, 1999, p. 33-38</subfield>
    <subfield code="w">99318</subfield>
    <subfield code="x">0258-5944</subfield>
    <subfield code="0">90531</subfield>
  </datafield>
  <datafield tag="942" ind1=" " ind2=" ">
    <subfield code="c">ARIMP</subfield>
  </datafield>
  <datafield tag="999" ind1=" " ind2=" ">
    <subfield code="c">671833</subfield>
    <subfield code="d">671833</subfield>
  </datafield>
</record>
